000 00294nam a22001337a 4500
008 170224b xxu||||| |||| 00| 0 eng d
020 _a0071343121
041 _aeng
080 _27 ED
_a617
100 _a5
101 _aSHS
245 _aPRINCIPLES OF SURGERY
_cSCHWARTZ.S.I
942 _2udc
_cBK
999 _c6192
_d6192